000 00460nam a2200157Ia 4500
008 240729s9999 xx 000 0 und d
022 _a2244-8659
245 0 _aBulletin of Computational Applied Mathematics
260 _aVenezuela, Bolivarian Republic of
260 _bUniversidad Simón Bolívar
650 _a Mathematics
650 _aScience
856 _uhttps://doaj.org/toc/a8db155b7d804b2f9dd6795413bccd11
942 _2ddc
942 _cDOAJEJ
999 _c68213
_d68213
945 _a1
_bMadushi Gamage
_c1
_dMadushi Gamage